Využitie metódy Kaizen vo výrobnej organizácii

Objasnenie metódy Kaizen z teoretického pohľadu a z pohľadu vybranej organizácie. Vybrané problémy v konkrétnej organizácii a ich zlepšenia v podobe Kaizenu, na základe prípadovej štúdie.

Uložené v:
Podrobná bibliografia
Hlavný autor: Richnák, Patrik, 1988-
Médium: Kapitola
Jazyk:Slovak
Predmet:
Tagy: Pridať tag
Žiadne tagy, Buďte prvý, kto otaguje tento záznam!

MARC

LEADER 00000nla a2200000 4500
001 0211250
005 20240502083527.8
041 0 |a slo 
044 |a CZ 
245 1 0 |a Využitie metódy Kaizen vo výrobnej organizácii  |c Patrik Richnák 
520 |a Objasnenie metódy Kaizen z teoretického pohľadu a z pohľadu vybranej organizácie. Vybrané problémy v konkrétnej organizácii a ich zlepšenia v podobe Kaizenu, na základe prípadovej štúdie. 
610 2 0 |a kaizen 
610 2 0 |a metódy riadenia 
610 2 0 |a manažment 
610 2 0 |a podnik 
610 2 0 |a efektívnosť 
100 1 |a Richnák, Patrik, 1988-